Statistics for Cricket Chain Quiz

Click here to take the quiz!

General Stats

  • This quiz has been taken 41 times
  • The average score is 11 of 25

Answer Stats

ClueAnswer% Correct
A player who is good at batting and bowlingAll-Rounder
93%
An out that happens when the batsman does not reach the creaseRun Out
73%
Type of bowling that was used by Warne and MuralitharanSpin
70%
A delivery when the bowlers foot is out of the creaseNo Ball
63%
A penalty given after a no ballFree Hit
60%
When a bowler takes 3 consecutive wicketsHat-Trick
60%
A wicket when the ball hits the padsLBW
57%
What is in the center of a cricket fieldPitch
53%
A score of 111 by a batsman or team, considered unluckyNelson
47%
An amount of runs scored by 2 batters before one gets dismissedPartnership
47%
People at the end of the batting orderTail Enders
47%
A shot aimed for behind the wicketRamp
43%
A nickname for captainSkipper
43%
An off field umpire used to figure out if LBW or run out is actually outThird Umpire
43%
A ball where the bowler holds the ball on the knuckles of their index and middle fingerKnuckle Ball
40%
The preparatory strides taken by a bowler as they get ready for a ballRun-Up
40%
The part of a wicket that is tall, and is normally hit with the ballStumps
40%
A bowler who rarely concedes runsEconomical
33%
Out for ducks in both innings in a testKing Pair
33%
A spin bowling delivery which turns from the Leg side to the Off sideLeg Break
33%
A fielding position close the boundary on the off sideLong Off
33%
A pitch used for practiceNets
27%
A bowler who bowls balls over 90 MPHPace Bowler
17%
Extra player and subsitute fielderTwelfth Man
17%
Shot that when played by a right-handed player, it is aimed at the left sideReverse Sweep
13%

Score Distribution

Percentile by Number Answered

Percent of People with Each Score

Your Score History

You have not taken this quiz